000
00226nam a22001097a 4500
999
_c
260704
_d
260703
020
_a
9780545068628
100
_a
Elizabeth Mills
245
_a
Belle
260
_a
New York
_b
Scholastic
_c
2007
300
_a
34 pgs
942
_c
BK